Online Catalogue and eLibrary

The sound of echoes : (Record no. 3013)

MARC details
000 -LEADER
fixed length control field 00746nam a2200157Ia 4500
005 - DATE AND TIME OF LATEST TRANSACTION
control field 20240815013929.0
008 - FIXED-LENGTH DATA ELEMENTS--GENERAL INFORMATION
fixed length control field 240331s9999 xx 000 0 und d
020 ## - INTERNATIONAL STANDARD BOOK NUMBER
ISBN 9559069655
082 ## - DDC Classification
Item Number - Author Mark SEN
Class No. 420
100 ## - MAIN ENTRY--PERSONAL NAME
Personal name Seneviratne, M
245 #0 - TITLE STATEMENT
Title The sound of echoes :
Remainder of title a miscellany of essays
260 ## - PUBLICATION, DISTRIBUTION, ETC.
Place of publication, distribution, etc. Colombo
Name of publisher, distributor, etc. English Writers co-operative of Sri Lanka
Date of publication, distribution, etc. 1992
300 ## - PHYSICAL DESCRIPTION
Extent (e.g. Volumes, Pages etc.) 112 p .,
500 ## - GENERAL NOTE
General note This Collection of essays are, some of them, semi-auto biographical in theme. they relate mainly of people and of events in the author's early life. some of them are about her friends and happenings in light or dark shades she encountered in those and later years. most of the material in this book has been hitherto unpublished
942 ## - Koha item type (Biblio)
Koha item type Books in Stacks (Lending)
Holdings
Lost status Damaged status Collection code Home library Current library Shelving location Date acquired Full call number Accession Number Item type
    Lending WERC Library WERC Library Social Science Cupboard 03/31/2024 420 SEN 1713 Books in Stacks (Lending)

© WERC Library